[Event "Winter Malopolska Cup Master 2022"]
[Site "Krakow"]
[Date "2022.01.18"]
[Round "6.4"]
[White "Owoc, Jakub"]
[Black "Czaplak, Lukasz"]
[Result "1/2-1/2"]
[WhiteElo "1701"]
[BlackElo "1877"]
[Annotator "NA RC"]
[PlyCount "149"]
[EventDate "2022.01.15"]
[EventType "swiss"]
[EventCountry "POL"]
[SourceTitle "playchess.com"]
[Source "ChessBase"]
[SourceQuality "1"]
[TimeControl "5400+30"]

{[%evp 8,147,8,-8,32767,32767,32767,32767,32767,32767,32767,32767,32767,32767,32767,32767,67,32767,32767,32767,32767,32767,32767,32767,99,93,32767,32767,32767,32767,100,94,110,122,78,84,32767,-7,0,0,32767,0,32767,32767,32767,32767,32767,32767,32767,0,32767,32767,0,32767,32767,32767,32767,32767,46,38,32767,32767,32767,13,16,22,28,60,32767,87,179,175,179,61,88,79,91,100,148,174,251,32767,258,166,199,136,179,32767,32767,114,149,153,140,0,144,143,183,194,165,32767,238,177,284,250,353,411,470,347,252,386,297,35,289,379,562,386,213,0,8,0,0,0,0,0,4991,8,66,0,0,8,0,0,8,0,8,8,8,8,0,0,0,0]} 1. Nf3 {[%emt 0:00:02]} d5 {[%emt 0:00:08]} 2. b3 {[%emt 0:00:13]} Nf6 {[%emt 0:00:34]} 3. Bb2 {[%emt 0:00:05]} e6 {[%emt 0:00:45]} 4. c4 {[%emt 0:00:05]} Be7 {[%emt 0:01:20]} 5. cxd5 {[%emt 0:00:06]} exd5 {[%emt 0:00:10]} 6. e3 {[%emt 0:00:22]} O-O {[%emt 0:00:11]} 7. Be2 {[%emt 0:00:04]} c5 {[%emt 0:05:35]} 8. d4 {[%emt 0:00:07]} Nc6 {[%emt 0:01:33]} 9. O-O {[%emt 0:00:28]} h6 {[%emt 0:00:43]} 10. Nc3 {[%emt 0:00:09]} Be6 {[%emt 0:03:11]} 11. Rc1 {[%emt 0:00:17]} cxd4 {[%emt 0:02:01]} 12. Nxd4 {[%emt 0:00:07]} Nxd4 {[%emt 0:04:41]} 13. Qxd4 {[%emt 0:01:08]} a6 {[%emt 0:04:04]} 14. Rfd1 {[%emt 0:01:02]} b5 {[%emt 0:07:14]} 15. Bf3 {[%emt 0:01:09]} Rc8 {[%emt 0:07:54]} 16. Nxd5 {[%emt 0:05:26]} Bxd5 {[%emt 0:01:08]} 17. Rxc8 {[%emt 0:00:09]} Qxc8 {[%emt 0:00:07]} 18. Bxd5 {[%emt 0:00:04]} Rd8 {[%emt 0:02:30]} 19. e4 {[%emt 0:00:15]} Qc2 {[%emt 0:04:52]} 20. Rc1 {[%emt 0:24:39]} Qe2 {[%emt 0:00:06]} 21. h3 {[%emt 0:24:06]} Nh5 {[%emt 0:29:35]} 22. f4 {[%emt 0:13:04]} (22. Bc3 $16) 22... Bf6 {[%emt 0:01:45]} 23. e5 {[%emt 0:00:59]} Bh4 {[%emt 0:01:58]} 24. Bf3 {[%emt 0:16:16]} Rxd4 {[%emt 0:11:21]} 25. Rc8+ {[%emt 0:01:46]} Rd8 {[%emt 0:01:56]} 26. Rxd8+ {[%emt 0:00:05]} Bxd8 {[%emt 0:00:02]} 27. Bxe2 {[%emt 0:00:08]} Nxf4 {[%emt 0:00:02]} 28. Bg4 {[%emt 0:01:04]} Bc7 {[%emt 0:02:24]} 29. Bd4 {[%emt 0:01:07]} Ne6 {[%emt 0:01:52]} 30. Bc3 {[%emt 0:01:59]} Kf8 {[%emt 0:00:23]} 31. Kf2 {[%emt 0:00:33]} Ke7 {[%emt 0:00:10]} 32. Ke3 {[%emt 0:00:23]} Kd7 {[%emt 0:00:38]} 33. Bh5 {[%emt 0:01:35]} g6 {[%emt 0:00:53]} 34. Bf3 {[%emt 0:00:03]} Bb6+ {[%emt 0:01:12]} 35. Kd3 {[%emt 0:01:26]} Nc5+ {[%emt 0:00:22]} 36. Ke2 {[%emt 0:00:18]} Bc7 {[%emt 0:00:54]} 37. b4 {[%emt 0:00:19]} Na4 {[%emt 0:00:45]} 38. Bd4 {[%emt 0:00:36]} a5 {[%emt 0:00:32] [#]} ({Black should try} 38... Nb6 $1 $14) 39. Bd5 $1 {[%emt 0:01:24]} Ke7 {[%emt 0:00:47]} 40. a3 {[%emt 0:00:46]} (40. bxa5 $18 Bxa5 41. Ke3) 40... axb4 {[%emt 0:02:25]} 41. axb4 {[%emt 0:00:05]} Nb6 {[%emt 0:00:39]} 42. Bc5+ {[%emt 0:00:04]} Ke8 {[%emt 0:00:17]} (42... Kd8 $142 43. Bxf7 Nd7) 43. Bc6+ {[%emt 0:00:02]} Kd8 {[%emt 0:00:10]} 44. Bxb5 {[%emt 0:00:13]} Nd7 {[%emt 0:01:54]} 45. Be3 {[%emt 0:00:05]} Bxe5 {[%emt 0:00:45]} 46. Bc4 {[%emt 0:00:09]} f6 {[%emt 0:00:20]} (46... Bd6 $16 {was necessary.}) 47. Bxh6 {[%emt 0:00:23]} Nb6 {[%emt 0:00:14]} 48. Bf7 {[%emt 0:00:15]} ({Better is} 48. Kd3 $18) 48... g5 $1 $11 {[%emt 0:00:06] remains equal.} 49. Bf8 {[%emt 0:00:02]} Nd7 {[%emt 0:00:19]} 50. Bh6 $2 {[%emt 0:01:52]} (50. Bg7 $16) 50... Ke7 {[%emt 0:00:11]} 51. Bb3 {[%emt 0:00:05]} Bc3 {[%emt 0:00:22]} 52. b5 {[%emt 0:00:05]} Nc5 {[%emt 0:00:26]} 53. Bc4 {[%emt 0:00:18]} Nd7 {[%emt 0:00:30]} (53... Ba5 $16 {was worth a try.} 54. Ke3 Bc3) 54. Ke3 {[%emt 0:00:15]} Kd6 {[%emt 0:00:29]} (54... Nb6 $16) 55. Ke4 {[%emt 0:00:09]} Nc5+ {[%emt 0:01:44]} 56. Kf5 {[%emt 0:00:05]} Ke7 {[%emt 0:00:14]} 57. g3 {[%emt 0:02:23]} Nb7 {[%emt 0:00:14]} 58. Kg6 {[%emt 0:00:10]} Nd6 {[%emt 0:00:34]} 59. Bd3 $2 {[%emt 0:00:19]} (59. Be2 $18) 59... Be5 $2 {[%emt 0:00:09]} ({Black should play} 59... Nf7 $1 $14) 60. h4 {[%emt 0:01:49]} Bxg3 {[%emt 0:00:31] [#]} 61. h5 $1 {[%emt 0:00:05]} ({And not} 61. hxg5 fxg5 62. Bxg5+ Ke6 $11) 61... Nf7 {[%emt 0:00:32]} 62. Bg7 $2 {[%emt 0:00:07]} (62. Be2 $18 Nxh6 63. Kxh6) 62... Ne5+ {[%emt 0:00:13]} 63. Kf5 {[%emt 0:00:10]} Nxd3 {[%emt 0:00:12]} 64. h6 {[%emt 0:00:23]} Kf7 {[%emt 0:01:03]} 65. Bxf6 {[%emt 0:00:11]} Nf4 $2 {[%emt 0:00:33]} (65... Kg8 $11) 66. Be5 $2 {[%emt 0:00:35]} ({White has to play} 66. h7 $18 Ng6 67. b6) 66... Bf2 {[%emt 0:01:06]} (66... Kg8 $1 $11) 67. Bc7 {[%emt 0:02:25]} ({But not} 67. Kxg5 Ne6+ 68. Kh5 Nf8 $11) ({Much weaker is} 67. Bxf4 gxf4 68. Kxf4 Kg6 $11) (67. h7 $14 Ng6 {[#]} 68. Kxg5 $1) 67... Bd4 {[%emt 0:00:38]} 68. b6 {[%emt 0:00:50]} Bxb6 {[%emt 0:00:37]} 69. Bxb6 {[%emt 0:00:10]} Ne6 {[%emt 0:00:18]} 70. Ba5 {[%emt 0:00:09]} g4 {[%emt 0:00:41]} 71. Bc3 {[%emt 0:02:21]} Nf8 {[%emt 0:00:06]} 72. Be5 {[%emt 0:02:26]} Nh7 {[%emt 0:00:11]} 73. Bg3 {[%emt 0:00:11]} Nf6 {[%emt 0:00:36]} 74. Be5 $11 {[%emt 0:01:23]} Nh7 {[%emt 0:00:14]} 75. Kxg4 {[%emt 0:00:25]} 1/2-1/2

[Event "Winter Malopolska Cup Master 2022"]
[Site "Krakow"]
[Date "2022.01.18"]
[Round "6.5"]
[White "Klementys, Jerzy"]
[Black "Szopa, Emilia"]
[Result "0-1"]
[WhiteElo "1564"]
[BlackElo "1588"]
[Annotator "NA RC"]
[PlyCount "94"]
[EventDate "2022.01.15"]
[EventType "swiss"]
[EventCountry "POL"]
[SourceTitle "playchess.com"]
[Source "ChessBase"]
[SourceQuality "1"]
[TimeControl "5400+30"]

1. d4 {[%emt 0:00:02]} Nf6 {[%emt 0:00:10]} 2. c4 {[%emt 0:00:01]} g6 {[%emt 0:00:22]} 3. Nc3 {[%emt 0:00:23]} Bg7 {[%emt 0:00:16]} 4. e4 {[%emt 0:00:03]} d6 {[%emt 0:00:21]} 5. Nf3 {[%emt 0:00:03]} O-O {[%emt 0:00:38]} 6. Be2 {[%emt 0:00:07]} e5 {[%emt 0:00:40]} 7. O-O {[%emt 0:00:17]} a5 {[%emt 0:01:46]} 8. Bg5 {[%emt 0:00:28]} h6 {[%emt 0:01:35]} 9. Bh4 {[%emt 0:00:23]} Qe8 {[%emt 0:04:28]} 10. dxe5 {[%emt 0:04:50]} dxe5 {[%emt 0:00:27]} 11. Qc2 {[%emt 0:04:07]} c6 {[%emt 0:10:02]} 12. Rad1 {[%emt 0:02:45]} Na6 {[%emt 0:03:12]} 13. a3 {[%emt 0:01:26]} g5 {[%emt 0:14:44]} 14. Bg3 {[%emt 0:00:17]} Nh5 {[%emt 0:01:33]} 15. Bxe5 {[%emt 0:02:14]} Bxe5 {[%emt 0:01:46]} 16. Nxe5 {[%emt 0:02:38]} Qxe5 {[%emt 0:00:10]} 17. Bxh5 {[%emt 0:00:24]} g4 {[%emt 0:00:12]} 18. Bxg4 {[%emt 0:02:10]} Bxg4 {[%emt 0:00:24]} 19. f3 {[%emt 0:00:04]} Be6 {[%emt 0:00:40]} 20. f4 {[%emt 0:01:09]} Qc5+ {[%emt 0:02:35]} 21. Kh1 {[%emt 0:00:01]} Rad8 {[%emt 0:03:16]} 22. Rde1 {[%emt 0:00:17]} Bxc4 {[%emt 0:07:56]} 23. Rf3 {[%emt 0:00:08]} Rd6 {[%emt 0:00:43]} 24. f5 {[%emt 0:00:15]} Rfd8 {[%emt 0:01:38]} 25. Qc1 {[%emt 0:03:16]} Qe5 {[%emt 0:05:33]} 26. Qe3 {[%emt 0:06:03]} Nc5 {[%emt 0:07:40]} 27. f6 {[%emt 0:04:47]} Kh7 {[%emt 0:02:30]} 28. Rf5 {[%emt 0:02:11]} Qd4 {[%emt 0:11:02]} 29. Qxd4 {[%emt 0:01:43]} Rxd4 {[%emt 0:00:08]} 30. Rxc5 {[%emt 0:00:16]} a4 {[%emt 0:00:41]} 31. Nxa4 {[%emt 0:07:15]} Rxe4 {[%emt 0:06:31]} 32. Rc1 {[%emt 0:00:36]} Rd2 {[%emt 0:03:37]} 33. Nc3 {[%emt 0:13:12]} Rf4 {[%emt 0:02:39]} 34. g3 {[%emt 0:06:19]} Rfd4 {[%emt 0:00:10]} 35. b4 {[%emt 0:03:53]} Be6 {[%emt 0:00:48]} 36. Re5 {[%emt 0:05:11]} Rb2 {[%emt 0:03:15]} 37. Re2 {[%emt 0:09:15]} Rb3 {[%emt 0:01:22]} 38. Nb1 {[%emt 0:09:47]} Bf5 {[%emt 0:00:19]} 39. Ree1 {[%emt 0:00:02]} Rb2 {[%emt 0:00:17]} 40. Kg1 {[%emt 0:00:57]} Rd6 {[%emt 0:00:34]} 41. Rf1 {[%emt 0:04:20]} Be4 {[%emt 0:00:08]} 42. Rfe1 {[%emt 0:02:36]} Bf5 {[%emt 0:00:10]} 43. h4 {[%emt 0:03:26]} Rd3 {[%emt 0:00:59]} 44. Rc3 {[%emt 0:00:41]} Rxb1 {[%emt 0:00:14]} 45. Rxd3 {[%emt 0:00:50]} Rxe1+ {[%emt 0:00:09]} 46. Kf2 {[%emt 0:00:09]} Bxd3 {[%emt 0:00:08]} 47. Kxe1 {[%emt 0:00:05]} Kg6 {[%emt 0:00:05]} 0-1

[Event "Winter Malopolska Cup Master 2022"]
[Site "Krakow"]
[Date "2022.01.18"]
[Round "6.6"]
[White "Kania, Franciszek"]
[Black "Tokarz, Izabela"]
[Result "0-1"]
[WhiteElo "1528"]
[BlackElo "1728"]
[Annotator "NA RC"]
[PlyCount "122"]
[EventDate "2022.01.15"]
[EventType "swiss"]
[EventCountry "POL"]
[SourceTitle "playchess.com"]
[Source "ChessBase"]
[SourceQuality "1"]
[TimeControl "5400+30"]

1. e4 {[%emt 0:00:03]} c5 {[%emt 0:03:08]} 2. Nf3 {[%emt 0:00:14]} d6 {[%emt 0:00:04]} 3. d4 {[%emt 0:00:19]} cxd4 {[%emt 0:00:04]} 4. Nxd4 {[%emt 0:00:09]} Nf6 {[%emt 0:00:05]} 5. Nc3 {[%emt 0:00:08]} g6 {[%emt 0:00:08]} 6. f3 {[%emt 0:00:54]} Bg7 {[%emt 0:00:05]} 7. Be3 {[%emt 0:00:08]} O-O {[%emt 0:00:03]} 8. Bc4 {[%emt 0:00:23]} Nc6 {[%emt 0:00:04]} 9. Bb3 {[%emt 0:00:07]} Bd7 {[%emt 0:03:04]} 10. Qd2 {[%emt 0:03:40]} Rc8 {[%emt 0:00:08]} 11. O-O-O {[%emt 0:01:15]} Nxd4 {[%emt 0:00:04]} 12. Bxd4 {[%emt 0:00:11]} b5 {[%emt 0:00:05]} 13. Nd5 {[%emt 0:03:19]} Nxd5 {[%emt 0:20:35]} 14. Bxg7 {[%emt 0:04:07]} Kxg7 {[%emt 0:01:40]} 15. Bxd5 {[%emt 0:01:57]} Rc5 {[%emt 0:15:52]} 16. h4 {[%emt 0:06:53]} h5 {[%emt 0:00:56]} 17. g4 {[%emt 0:09:08]} Rh8 {[%emt 0:02:18]} 18. Qf4 {[%emt 0:03:40]} Be6 {[%emt 0:05:47]} 19. Bxe6 {[%emt 0:02:28]} fxe6 {[%emt 0:00:08]} 20. gxh5 {[%emt 0:00:13]} Rcxh5 {[%emt 0:01:57]} 21. Qg4 {[%emt 0:09:03]} e5 {[%emt 0:04:45]} 22. Rdg1 {[%emt 0:13:57]} Qe8 {[%emt 0:06:56]} 23. Qe6 {[%emt 0:14:13]} Qf7 {[%emt 0:01:21]} 24. Qd7 {[%emt 0:02:35]} a6 {[%emt 0:01:15]} 25. Rg4 {[%emt 0:00:53]} R8h6 {[%emt 0:03:28]} 26. f4 {[%emt 0:07:41]} exf4 {[%emt 0:00:46]} 27. Rf1 {[%emt 0:00:47]} f3 {[%emt 0:03:15]} 28. Rg3 {[%emt 0:02:12]} f2 {[%emt 0:00:35]} 29. Rg2 {[%emt 0:00:58]} Qf4+ {[%emt 0:01:34]} 30. Kb1 {[%emt 0:00:23]} Qxe4 {[%emt 0:02:14]} 31. Rgxf2 {[%emt 0:00:21]} Rf5 {[%emt 0:00:36]} 32. Rxf5 {[%emt 0:01:31]} gxf5 {[%emt 0:00:05]} 33. Qe8 {[%emt 0:01:12]} Rxh4 {[%emt 0:00:44]} 34. a4 {[%emt 0:01:00]} Rh1 {[%emt 0:00:57]} 35. Rxh1 {[%emt 0:00:18]} Qxh1+ {[%emt 0:00:02]} 36. Ka2 {[%emt 0:00:05]} Qd5+ {[%emt 0:00:14]} 37. b3 {[%emt 0:00:09]} Qe5 {[%emt 0:00:42]} 38. a5 {[%emt 0:00:12]} b4 {[%emt 0:00:17]} 39. Qd8 {[%emt 0:00:23]} Qe2 {[%emt 0:00:37]} 40. Kb2 {[%emt 0:00:19]} f4 {[%emt 0:00:20]} 41. Qd7 {[%emt 0:00:32]} Kf6 {[%emt 0:02:16]} 42. Qe8 {[%emt 0:00:35]} Qe5+ {[%emt 0:04:49]} 43. Kb1 {[%emt 0:00:17]} Qe1+ {[%emt 0:00:10]} 44. Ka2 {[%emt 0:00:25]} Qc3 {[%emt 0:02:38]} 45. Qf8+ {[%emt 0:00:54]} Ke6 {[%emt 0:00:09]} 46. Qg8+ {[%emt 0:00:51]} Kd7 {[%emt 0:00:12]} 47. Qg4+ {[%emt 0:00:11]} Kc7 {[%emt 0:00:16]} 48. Qf5 {[%emt 0:00:07]} Qe5 {[%emt 0:01:23]} 49. Qf8 {[%emt 0:00:35]} Qxa5+ {[%emt 0:00:08]} 50. Kb1 {[%emt 0:00:12]} Qe5 {[%emt 0:01:12]} 51. Qa8 {[%emt 0:00:13]} a5 {[%emt 0:00:55]} 52. Qa7+ {[%emt 0:00:13]} Kc6 {[%emt 0:00:58]} 53. Qa8+ {[%emt 0:00:06]} Kd7 {[%emt 0:00:15]} 54. Qb7+ {[%emt 0:00:04]} Ke6 {[%emt 0:00:06]} 55. Qc8+ {[%emt 0:00:05]} Kf7 {[%emt 0:00:06]} 56. Qg4 {[%emt 0:00:07]} Qf6 {[%emt 0:00:56]} 57. Qh5+ {[%emt 0:00:08]} Kf8 {[%emt 0:00:05]} 58. Qxa5 {[%emt 0:00:29]} f3 {[%emt 0:00:15]} 59. Qb5 {[%emt 0:00:05]} f2 {[%emt 0:00:11]} 60. Qf1 {[%emt 0:00:04]} Qf3 {[%emt 0:00:07]} 61. c3 {[%emt 0:00:05]} Qe3 {[%emt 0:00:16]} 0-1

[Event "Winter Malopolska Cup Master 2022"]
[Site "Krakow"]
[Date "2022.01.18"]
[Round "7.1"]
[White "Szopa, Emilia"]
[Black "Mirski, Michal"]
[Result "1-0"]
[WhiteElo "1588"]
[BlackElo "2039"]
[Annotator "TA"]
[PlyCount "73"]
[EventDate "2022.01.15"]
[EventType "swiss"]
[EventCountry "POL"]
[SourceTitle "playchess.com"]
[Source "ChessBase"]
[SourceQuality "1"]

{[%evp 18,73,12,12,28,15,67,69,102,93,72,94,129,68,66,63,131,122,122,43,49,-26,-21,-39,-18,-39,76,85,71,87,147,147,346,331,323,95,103,24,4068,960,3702,3414,2162,2045,2706,1516,1416,1374,1356,1347,1354,1330,5266,3818,5810,1562,5810,2642]} 1. e4 c5 2. Nf3 d6 3. d4 cxd4 4. Nxd4 Nf6 5. Nc3 Nc6 6. Bg5 e6 7. Bb5 Bd7 8. Bxc6 bxc6 9. Qf3 e5 10. Nf5 h6 {B62: Sicilian: Richter-Rauzer: 6...e6: Unusual White 7th moves.} 11. Bh4 (11. Bxf6 Qxf6 12. Ne3 Qxf3 13. gxf3 Be7 $15) 11... g5 ({Black should play} 11... Bxf5 $11 12. Qxf5 Be7) 12. Bg3 $14 {White is more active.} g4 {White is slightly better.} 13. Qd3 Bxf5 14. exf5 {[#]} Qb6 $146 ({Predecessor:} 14... Be7 15. O-O-O Qa5 16. h3 gxh3 17. Rxh3 h5 18. f4 Rd8 19. fxe5 dxe5 20. Qc4 Rxd1+ 21. Nxd1 {1-0 (55) Rensch,D (2384)-Dourerassou,J (2414) Chess.com INT 2015}) 15. O-O (15. O-O-O $16) 15... Be7 16. Rad1 Nh5 ({Black should try} 16... Rd8 $14) 17. Ne4 $16 Rd8 18. Rfe1 (18. Qe2 $16 Nxg3 19. hxg3) 18... f6 $14 19. Bh4 (19. c4 $14) 19... Kf7 20. Ng3 Nf4 21. Qc3 d5 {[#] Inhibits Re4.} (21... Qb5 $15 {stays ahead.}) 22. Rxe5 $1 $16 Bb4 23. Qe3 fxe5 ({Better is} 23... Qxe3 24. Rxe3 Bd6) 24. Qxe5 Rde8 $2 (24... Bd6 $16 25. Qf6+ Kg8) 25. Qxf4 $18 {Chess con chili.} Bc5 26. Qxg4 $2 (26. Rf1 $18 {has better winning chances.}) 26... Bxf2+ $16 {[#]} 27. Kh1 (27. Kf1 $1 $16 {aiming for Qg6+.} Qe3 28. Qg6+ Kf8 29. Qf6+ (29. Qxc6 Bxg3 30. Qf6+ Kg8 $11) (29. Bf6 Rg8 $11) 29... Kg8 30. Qxc6 (30. Qg6+ Kf8 $16)) 27... Qxb2 $2 {[%mdl 8192]} (27... Qd4 $11 28. Qg6+ (28. Rxd4 $2 {leads to mate.} Re1+) (28. Qxd4 Bxd4 29. b3 Bf2 $17) 28... Kf8 29. Qd6+ Kf7 30. Qc7+ Kf8) 28. Qg6+ $18 {White is clearly winning.} Kf8 29. Bf6 {[%csl Gf6][%cal Rg6g7,Bh4f6,Bf6h8,Bh8g7][%mdl 32]} Qb7 {To avoid Qg7+} 30. Bxh8 Be3 31. f6 {Bg7+ would kill now.} Qf7 32. Bg7+ Kg8 33. Qg4 {And now Bxh6+ would win.} h5 34. Qf3 {Nf5 is the strong threat.} Re5 35. Nf5 Bg5 36. h4 Qg6 37. f7+ {Weighted Error Value: White=0.50/Black=0.39} 1-0

[Event "Winter Malopolska Cup Master 2022"]
[Site "Krakow"]
[Date "2022.01.18"]
[Round "7.2"]
[White "Czaplak, Lukasz"]
[Black "Golenia, Wojciech"]
[Result "0-1"]
[WhiteElo "1877"]
[BlackElo "2059"]
[Annotator "TA"]
[PlyCount "72"]
[EventDate "2022.01.15"]
[EventType "swiss"]
[EventCountry "POL"]
[SourceTitle "playchess.com"]
[Source "ChessBase"]
[SourceQuality "1"]

{[%evp 31,72,15,0,-31,-32,-48,-14,-89,-40,-143,-106,-95,-83,-207,-200,-375,-372,-389,-343,-575,-602,-607,-603,-879,-550,-499,-556,-551,-546,-532,-521,-1495,-1429,-2127,-2058,-1965,-1889,-29988,-1145,-29996,-29997,-29997,-29998]} 1. e4 e5 2. Nf3 Nc6 3. Bb5 {[%cal Bf1b5,Bb5a4,Ba4b3][%mdl 32]} a6 4. Ba4 Nf6 5. O-O Be7 6. Re1 b5 7. Bb3 d6 8. c3 O-O 9. h3 Na5 10. Bc2 c5 11. d4 Nd7 {[%cal Bf6d7,Bd7e5,Be5c6,Bc6b4,Bb4d5][%mdl 32]} 12. Nbd2 exd4 13. cxd4 Nc6 14. Nf1 cxd4 15. Nxd4 Nxd4 16. Qxd4 Ne5 {[%cal Oc8h3]} 17. Ne3 {[#] C96: Closed Ruy Lopez: Chigorin Defence: 11 d4, replies other than 11...Qc7.} Bxh3 $1 {[%cal Oa8c8]} 18. f4 Nc6 19. Qd1 (19. Qc3 $11 {keeps the balance.} Bd7 20. Nd5) 19... Be6 {[#]} (19... Bc8 $17) 20. Kf2 $146 (20. f5 $1 $15 Bd7 21. Nd5) ({Predecessor:} 20. f5 Bd7 21. Nd5 Ne5 22. Re3 Bg5 23. Rh3 g6 24. a4 Bc6 25. Raa3 Bxd5 26. Bxg5 Qxg5 {1-0 (40) Martinez,A (2101)-Bezgodova,M (2172) Kocaeli 2013}) 20... Nb4 21. Bb1 d5 $36 {[%mdl 2048] Black has strong initiative.} 22. exd5 {White does not recover from this.} (22. a3 $17 d4 23. Nf5 Bxf5 24. exf5) 22... Nxd5 $19 ({But not} 22... Bh4+ 23. g3 Nxd5 24. Nxd5 (24. Qh5 Bxg3+ 25. Kxg3 Nf6 $16) 24... Bxd5 25. Qh5 $16) 23. Qh5 $2 (23. Nxd5 Bxd5 24. Be3 (24. Rxe7 $2 Qxe7 25. Qxd5 Rfe8 $19)) 23... g6 24. Qh6 f5 {To avoid Be4} 25. Rh1 $2 (25. Nxd5 {is a better defense.} Bxd5 26. Kg3) 25... Rf7 {Active counter play!} 26. Nxd5 Qxd5 27. a3 Rc8 28. Be3 Qb3 29. Bd4 {[%cal Oh6g6]} Bc5 30. Qxg6+ Kf8 (30... hxg6 $2 31. Rh8#) 31. Bxc5+ Rxc5 32. Qh6+ Rg7 33. Qf6+ Kg8 {( -> ...Qg3+)} 34. Rh3 {[#] To avoid Qg3+} Qd5 (34... Rc2+ $142 $1 {[%mdl 512]} 35. Ke1 Rc1+ 36. Kf2 {[#]} Rf1+ $3 {[%mdl 512]} 37. Kxf1 Qd1+ 38. Kf2 Qd2+ 39. Kf1 Qxg2+ 40. Ke1 Qg1+ 41. Kd2 Qf2+ 42. Kc3 Rc7+ 43. Kd3 Rd7+ 44. Qd4 Rxd4+ 45. Kc3 Qd2#) 35. Rg3 Qd2+ 36. Kg1 Qe1+ {Weighted Error Value: White=1.41/Black=0.64} 0-1

[Event "Winter Malopolska Cup Master 2022"]
[Site "Krakow"]
[Date "2022.01.18"]
[Round "7.3"]
[White "Tokarz, Izabela"]
[Black "Kyc, Jerzy"]
[Result "0-1"]
[WhiteElo "1728"]
[BlackElo "2250"]
[Annotator "TA"]
[PlyCount "76"]
[EventDate "2022.01.15"]
[EventType "swiss"]
[EventCountry "POL"]
[SourceTitle "playchess.com"]
[Source "ChessBase"]
[SourceQuality "1"]

{[%evp 16,76,25,0,0,4,16,0,27,0,54,3,38,-26,-14,-33,-32,-87,-39,-35,-27,-93,-93,-104,-98,-93,-97,-103,-91,-89,-105,-89,-35,-45,-62,-163,-163,-178,-169,-265,-265,-266,-266,-272,-267,-260,-205,-262,-254,-260,-253,-260,-260,-253,-260,-706,-671,-814,-745,-691,-680,-727,-676]} 1. d4 Nf6 2. c4 c5 3. d5 b5 4. cxb5 a6 5. bxa6 Bxa6 6. g3 g6 7. Bg2 d6 8. Bd2 Bg7 9. Bc3 Nbd7 {[%cal Bb8d7,Bd7b6,Bb6a4,Ba4c3][%mdl 32] A58: Benko/Volga Gambit: Lines with 5 bxa6.} 10. Nh3 O-O 11. Nf4 Nb6 {The position is equal.} 12. h4 h6 {[#]} (12... Bh6 $11) 13. Nd2 $146 (13. b3 $14) ({Predecessor:} 13. O-O Ra7 14. Nd2 Qa8 15. Ne4 Nxe4 16. Bxg7 Kxg7 17. Bxe4 e5 18. dxe6 Qxe4 19. Qxd6 {1-0 (26) Maiorov,N (2211)-Petuchovskis,E (2142) Artek 2000}) 13... Qd7 $1 $11 14. Qc2 ({White should try} 14. b3 $14) 14... Na4 $1 15. Ne4 Nxc3 16. Nxf6+ (16. Nxc3 $15 Rfb8 17. Rb1) 16... exf6 ({Black should play} 16... Bxf6 $17 17. bxc3 Bb5) 17. bxc3 $15 Bc4 18. O-O {[#]} (18. a4 $11) 18... Ra3 $1 $17 19. Rfc1 f5 20. Qd2 Rfa8 {[%cal Ra3a2]} 21. e4 fxe4 {Black is more active.} 22. Bxe4 Qe7 23. Bd3 Rxa2 24. Rxa2 $15 Rxa2 25. Rc2 (25. Qd1 $15 Bxd3 26. Qxd3) 25... Rxc2 $19 26. Bxc2 Qe5 27. Qe3 (27. Bd3 $142 Bxd3 28. Qxd3) 27... Qxe3 ({And not} 27... Qxc3 28. Qe8+ Kh7 29. Bxg6+ fxg6 30. Qxg6+ Kh8 31. Qe8+ Kh7 32. Qg6+ Kh8 33. Qe8+ Kh7 34. Qg6+ $11) 28. fxe3 Bxc3 {[%mdl 4096] Endgame KBB-KBN} 29. e4 Be5 30. Kf2 g5 31. hxg5 hxg5 32. Nd3 Bd4+ {A strong pair of Bishops.} 33. Kf3 Kg7 {[%cal Of7f5]} 34. Kg4 Kg6 {[%cal Of7f5]} 35. Ne1 $2 {[#]} (35. Nc1) 35... Be2+ {Black is clearly winning.} 36. Kh3 g4+ 37. Kg2 Kf6 38. Nd3 Bf3+ {Weighted Error Value: White=0.45/Black=0.11 (very precise)} 0-1

[Event "Winter Malopolska Cup Master 2022"]
[Site "Krakow"]
[Date "2022.01.18"]
[Round "7.4"]
[White "Trybus, Daniel"]
[Black "Klementys, Jerzy"]
[Result "1-0"]
[WhiteElo "2067"]
[BlackElo "1564"]
[Annotator "TA"]
[PlyCount "53"]
[EventDate "2022.01.15"]
[EventType "swiss"]
[EventCountry "POL"]
[SourceTitle "playchess.com"]
[Source "ChessBase"]
[SourceQuality "1"]

{[%evp 24,53,44,49,85,70,65,63,105,95,114,110,118,62,77,70,227,228,212,220,219,191,29979,29976,5086,2655,29985,29986,29986,29979,29997,29998]} 1. e4 c5 2. Nf3 d6 3. d4 cxd4 4. Nxd4 Nf6 5. Nc3 a6 6. f3 e5 7. Nb3 Be6 8. Be3 Nbd7 9. g4 h6 10. Qd2 Be7 11. O-O-O b5 12. Kb1 Nb6 13. Qf2 Nc4 {B90: Sicilian Najdorf: Unusual White 6th moves, 6 Be3 Ng4 and 6 Be3 e5.} 14. Bxc4 bxc4 15. Nc5 {White is more active.} Qc7 (15... Nd7 $14 {deserves consideration.} 16. Nxd7 (16. Nxe6 fxe6 17. f4 exf4 $14) 16... Qxd7) 16. Nxe6 $16 fxe6 {[#]} 17. h4 $1 {[#]} h5 $146 ({Predecessor:} 17... Nd7 18. g5 h5 19. f4 exf4 20. Qxf4 Rb8 21. Rhf1 Rf8 22. Qg3 Rxf1 23. Rxf1 Qb7 {1-0 (34) Kryvoruchko,Y (2708)-Cruz,C (2569) Linares 2014}) 18. gxh5 ({Better is} 18. Qg3 $16) 18... Nxh5 $14 19. Qg2 {Black must now prevent Qg6+.} Rb8 $2 {This move loses the game for Black.} (19... Kf7 $14) 20. Qg6+ $18 Kd7 21. Na4 {And now Nc5+ would win.} Rb5 {To avoid Nc5+} 22. Qf7 {aiming for Rhg1.} Qa5 $2 {[#]} (22... Nf6 $18) 23. Rxd6+ $3 {[%mdl 512]} Kxd6 24. Rd1+ Kc6 25. Qxe6+ {White mates.} Kb7 26. Rd7+ Kb8 27. Ba7+ {Weighted Error Value: White=0.07 (flawless) /Black=1.38} 1-0